000 04284nam a2200253Ia 4500
003 Ost
005 20260507075315.0
008 260507s9999||||xx |||||||||||||| ||und||
020 _a5571119957
040 _cfsecg
041 _aara
082 _a345.1
100 _aالخشروم، عبد الله حسين
_eمؤلف
245 0 _aالوجيز في حقوق الملكية الصناعية و التجارية :
_bمنظمة التجارة العالمية، اتفاقية تربس، براءات الاختراع، العلامات التجارية، حقوق الملكية الصناعية و التجارية الاخرى /
_c عبد الله حسين الخشروم
250 _aطبعة 2
260 _aعمان:
_bدار وائل للنشر والتوزيع,
_c2008
300 _a408 صفحة؛
_c25 سم
504 _aالملاحق ص.239 ببليوغرافيا: ص.391
520 _aمقدمة-الفصل التمهيدي : المبحث الأول : حقوق الملكية الصناعية والتجارية والمتجر : المبحث الثاني : الطبيعة القانونية لحقوق الملكية الصناعية والتجارية : المبحث الثالث : لمحة تاريخية عن حقوق الملكية الصناعية والتجارية : المبحث الرابع : مصادر حقوق الملكية الصناعية والتجارية-الفصل الأول : التعريف باتفاقية الجوانب المتصلة بالتجارة من حقوق الملكية الفكرية / اتفاقية تربس (TRIPS) : المبحث الأول : التعريف بمنظمة التجارية العالمية (W.T.O) : المبحث الثاني : الحقوق التي تعالجها اتفاقية تربس (TRIPS) : المبحث الثالث : أحكام انفاذ حقوق الملكية الصناعية والتجارية وفق اتفاقية تربس : المبحث الرابع : أثر انضمام الأردن لمنظمة التجارة العالمية وخاصة اتفاقية (TRIPS) فى الاقتصاد الأردني-الفصل الثاني : براءات الاختراع (Patents) : المبحث الأول : تعريف براءة الاختراع وأهمية حمايتها : المبحث الثاني : شروط منح براءة الاختراع : المبحث الثالث : البراءة : المبحث الرابع : حقوق والتزامات مالك براءة الاختراع : المبحث الخامس : التراخيص الاجبارية الاجبارية في براءات الاختراع : المبحث السادس : الحماية القانونية لبراءات الاختراع : المبحث السابع : انقضاء براءة الاختراع وبطلانها-الفصل الثالث : العلامات التجارية Trademarks : المبحث الأول : تعريف العلامة التجارية : المبحث الثاني : أهمية العلامة التجارية ووظائفها : المبحث الثالث : أشكال العلامة التجارية : المبحث الرابع : شروط العلامة التجارية : المبحث الخامس : حقوق مالك العلامة التجارية : المبحث السادس : الحماية المدنية للعلامة التجارية : المبحث السابع : الحماية الجزائية للعلامة التجارية : المبحث الثامن : انقضاء الحق في العلامة التجارية-الفصل الرابع : حقوق الملكية الصناعية والتجارية الأخرى : المبحث الأول : قانون الرسوم الصناعية والنماذج الصناعية : المبحث الثاني : قانون البيانات الجغرافية الأردني : المبحث الثالث : قانون حماية التصمايم للدوائر المتكاملة الأردني : المبحث الرابع : قانون المنافسة غير المشروعة والأسرار التجارية : المبحث الخامس : قانون حماية الأصناف النباتية.
653 _aالملكية الصناعية
653 _aالمنظمات التجارية
653 _aبراءات الاختراع
942 _cكتاب
999 _c43888
_d43888